| 000 | 00393nam a2200145Ia 4500 | ||
|---|---|---|---|
| 008 | 230312s9999||||xx |||||||||||||| ||und|| | ||
| 082 |
_a629.13252 _bAVI |
||
| 100 | _aFederal Aviation Administration | ||
| 245 | 0 | _aAviation Instructor's Handbook | |
| 260 |
_bFederal Aviation Academy _aUSA _c2008 |
||
| 300 | _a2-22 | ||
| 546 | _aEng. | ||
| 650 |
_aAviation _vInstructor's handbook |
||
| 942 | _cBK | ||
| 999 |
_c6718 _d6718 |
||